[Event "ESP-ch Universities"]
[Site "Madrid"]
[Date "2008.05.08"]
[Round "1"]
[White "Aymerich Rosell, Pablo"]
[Black "Pitarch Miguel, Pablo"]
[Result "1-0"]
[WhiteElo "2210"]
[BlackElo "1944"]
[PlyCount "69"]
[EventDate "2008.05.08"]
[EventType "swiss"]
[EventRounds "9"]
[EventCountry "ESP"]
[SourceTitle "CBM 124 Extra"]
[Source "ChessBase"]
[SourceDate "2008.07.03"]
[SourceVersion "1"]
[SourceVersionDate "2008.07.03"]
[SourceQuality "1"]

1. d4 Nf6 2. c4 e6 3. Nc3 c5 4. d5 exd5 5. cxd5 d6 6. e4 g6 7. f4 Bg7 8. Bb5+ Nfd7 9. a4 0-0 10. Nf3 Na6 11. 0-0 Nb4 12. Kh1 a6 13. Be2 Re8 14. f5 Ne5 15. fxg6 fxg6 16. Bg5 Qc7 17. Qd2 Bg4 18. Nxe5 Bxe2 19. Rf7 Qc8 20. Nxe2 Rxe5 21. Raf1 Qg4 22. Rxg7+ Kxg7 23. Bf6+ Kg8 24. Qh6 Qd7 25. Nf4 Rae8 26. Bxe5 dxe5 27. Ne6 Qe7 28. Ng5 Qg7 29. Qxg7+ Kxg7 30. Ne6+ Kg8 31. Nxc5 b5 32. axb5 axb5 33. h3 Rc8 34. Ne6 Nd3 35. d6 1-0